[Event "Czech Coal Match"]
[Site "Marianske Lazne CZE"]
[Date "2010.11.20"]
[Round "1"]
[White "Caoili, Arianne"]
[Black "Hort, Vlastimil"]
[Result "1/2-1/2"]
[WhiteTitle "WIM"]
[BlackTitle "GM"]
[WhiteElo "2242"]
[BlackElo "2473"]
[WhiteTeam "Snowdrops"]
[BlackTeam "Veterans"]
[WhiteFideId "5201179"]
[BlackFideId "4600029"]
[EventDate "2010.11.20"]

1. e4 e5 2. Bc4 Nf6 3. d3 Nc6 4. Nf3 Bc5 5. c3 d6 6. Bb3 a6 7. Nbd2 Ba7 8. h3 h6
9. Nf1 Be6 10. Qe2 Qd7 11. Ng3 g6 12. Be3 Bxe3 13. Qxe3 Bxb3 14. axb3 Qe6 15. b4
Rd8 16. O-O d5 17. exd5 Nxd5 18. Qc1 g5 19. d4 Nf4 20. Qc2 O-O 21. Rfe1 Rd5 22.
dxe5 Nxe5 23. Nd4 Rxd4 24. cxd4 Nf3+ 25. Kf1 Nh2+ 26. Kg1 Nf3+ 27. Kf1 Nh2+ 28.
Kg1 Nf3+ 1/2-1/2

[Event "Czech Coal Match"]
[Site "Marianske Lazne CZE"]
[Date "2010.11.20"]
[Round "1"]
[White "Olsarova, Tereza"]
[Black "Portisch, Lajos"]
[Result "1/2-1/2"]
[WhiteTitle "WIM"]
[BlackTitle "GM"]
[WhiteElo "2185"]
[BlackElo "2544"]
[WhiteTeam "Snowdrops"]
[BlackTeam "Veterans"]
[WhiteFideId "325449"]
[BlackFideId "700037"]
[EventDate "2010.11.20"]

1. e4 e5 2. Nf3 Nc6 3. Bb5 Nf6 4. d4 exd4 5. O-O Be7 6. Re1 d6 7. Nxd4 Bd7 8.
Nc3 O-O 9. Bxc6 bxc6 10. Qf3 Rb8 11. b3 Rb4 12. Nf5 Bxf5 13. Qxf5 Re8 14. Bb2
Nd7 15. Rad1 Bf8 16. a3 Rb6 17. f4 Nc5 18. Qg4 Qc8 19. Qf3 Rb8 20. Ba1 a5 21.
Re3 f5 22. Rde1 Qd7 23. exf5 Rxe3 24. Qxe3 Qxf5 25. Ne4 Nd7 26. Ng5 d5 27. Qe6+
Qxe6 28. Nxe6 Re8 29. Kf2 Bd6 30. Nxg7 Rxe1 31. Kxe1 Bxf4 32. h3 Nc5 33. Bd4 Ne4
34. Ne6 Bd6 35. a4 c5 36. Be3 c4 1/2-1/2

[Event "Czech Coal Match"]
[Site "Marianske Lazne CZE"]
[Date "2010.11.20"]
[Round "1"]
[White "Koneru, Humpy"]
[Black "Uhlmann, Wolfgang"]
[Result "1-0"]
[WhiteTitle "GM"]
[BlackTitle "GM"]
[WhiteElo "2600"]
[BlackElo "2412"]
[WhiteTeam "Snowdrops"]
[BlackTeam "Veterans"]
[WhiteFideId "5008123"]
[BlackFideId "4611284"]
[EventDate "2010.11.20"]

1. d4 Nf6 2. c4 g6 3. g3 c5 4. Nf3 cxd4 5. Nxd4 Nc6 6. Bg2 Bg7 7. O-O O-O 8. Nc3
Ng4 9. e3 d6 10. b3 Bd7 11. Bb2 Nxd4 12. exd4 Rb8 13. Re1 Re8 14. Qd2 Qa5 15. h3
Nf6 16. Rad1 b5 17. Nxb5 Qxd2 18. Rxd2 Bxb5 19. cxb5 d5 20. a4 a6 21. Bf1 Ne4
22. Rc2 axb5 23. Bxb5 Red8 24. Re3 e6 25. g4 Rb6 26. Be2 Ra8 27. Kg2 Bf8 28. f3
Nd6 29. Rec3 Rab8 30. a5 Rxb3 31. Rxb3 Rxb3 32. a6 Rb8 33. Bc1 Ra8 34. Bf4 Nc4
35. Bxc4 dxc4 36. Rxc4 Rxa6 37. Rc8 Kg7 38. Be5+ f6 39. Rc7+ Kg8 40. Bxf6 Ra2+
41. Kf1 h6 42. Be5 g5 43. Rd7 Rc2 44. Ra7 Rb2 45. Rd7 Ra2 46. Bf6 Ra1+ 47. Kf2
Ra2+ 48. Ke3 Ra3+ 49. Ke4 Ra1 50. h4 gxh4 51. Bxh4 Bg7 52. Bg3 Bf6 53. Be5 Re1+
54. Kf4 Bh4 55. Rg7+ Kf8 56. Rg6 Bg5+ 57. Kg3 Kf7 58. Rg7+ Kf8 59. Rh7 Be3 60.
f4 Rd1 61. Rxh6 Ke7 62. Rh7+ Ke8 63. Kf3 Bxd4 64. Ke2 Bxe5 65. Kxd1 Bxf4 66. Ke2
Kf8 67. Kf3 Bg5 68. Ke4 Kg8 69. Rb7 Bf6 70. Kf4 Kf8 71. g5 Bc3 72. Kg4 Bd4 73.
Kh5 Bc3 74. Kg6 1-0

[Event "Czech Coal Match"]
[Site "Marianske Lazne CZE"]
[Date "2010.11.21"]
[Round "2"]
[White "Hort, Vlastimil"]
[Black "Koneru, Humpy"]
[Result "1/2-1/2"]
[WhiteTitle "GM"]
[BlackTitle "GM"]
[WhiteElo "2473"]
[BlackElo "2600"]
[WhiteTeam "Veterans"]
[BlackTeam "Snowdrops"]
[WhiteFideId "4600029"]
[BlackFideId "5008123"]
[EventDate "2010.11.20"]

1. e4 c5 2. Nf3 e6 3. c4 a6 4. Nc3 b6 5. g3 Bb7 6. d3 d6 7. Bg2 Nf6 8. O-O Be7
9. b3 O-O 10. Re1 Qc7 11. h3 Nbd7 12. Bb2 Rfe8 13. Rc1 Rad8 14. Rc2 Qb8 15. Nh4
g6 16. Bc1 Ne5 17. f4 Nc6 18. Nf3 Bf8 19. Kh2 Bg7 20. Rce2 Nd7 21. Bd2 b5 22.
Rf2 b4 23. Ne2 d5 24. e5 dxc4 25. dxc4 f6 26. exf6 Nxf6 27. Neg1 Nh5 28. Qc1 e5
29. Rfe2 Nd4 30. Nxd4 Bxg2 31. Ndf3 Bxf3 32. Nxf3 exf4 33. Rxe8+ Rxe8 34. g4 Nf6
35. Bxf4 Rxe1 36. Nxe1 Qe8 37. Qe3 Ne4 38. Nf3 Qc6 39. Be5 Qb7 40. Qf4 h6 41.
Bxg7 Kxg7 42. Qe5+ Kf7 43. g5 h5 44. Qf4+ Kg7 45. Ne5 Kh7 46. Qf3 Kg7 47. Kg2
Kh7 48. Kg1 Kg7 49. Kg2 Kh7 50. Kg1 1/2-1/2

[Event "Czech Coal Match"]
[Site "Marianske Lazne CZE"]
[Date "2010.11.21"]
[Round "2"]
[White "Uhlmann, Wolfgang"]
[Black "Caoili, Arianne"]
[Result "1-0"]
[WhiteTitle "GM"]
[BlackTitle "WIM"]
[WhiteElo "2412"]
[BlackElo "2242"]
[WhiteTeam "Veterans"]
[BlackTeam "Snowdrops"]
[WhiteFideId "4611284"]
[BlackFideId "5201179"]
[EventDate "2010.11.20"]

1. c4 g6 2. e4 e5 3. g3 Nc6 4. Bg2 Bc5 5. Ne2 d6 6. Nbc3 Bg4 7. h3 Bxe2 8. Qxe2
Nd4 9. Qd1 h5 10. h4 Qf6 11. O-O c6 12. d3 Nh6 13. Na4 Bb4 14. a3 Ba5 15. b4 Bc7
16. c5 Ng4 17. Rb1 Qe6 18. cxd6 Qxd6 19. Nc5 b6 20. Nb3 Ne6 21. Qc2 O-O 22. Rd1
Rac8 23. Bb2 Nd4 24. Bxd4 exd4 25. Rbc1 Bd8 26. Bh3 Bf6 27. Qe2 Bg7 28. Bxg4
hxg4 29. Qxg4 f5 30. exf5 gxf5 31. Qf3 f4 32. g4 a5 33. Rc4 axb4 34. axb4 Qd5
35. Kg2 b5 36. Qxd5+ cxd5 37. Rxc8 Rxc8 38. Nc5 Bf8 39. Rc1 Ra8 40. Kf3 Bd6 41.
g5 Ra3 42. Kg4 Rc3 43. Ra1 Bxc5 44. bxc5 b4 45. Ra8+ Kg7 46. h5 Rxc5 47. h6+ Kg6
48. Ra7 1-0

[Event "Czech Coal Match"]
[Site "Marianske Lazne CZE"]
[Date "2010.11.22"]
[Round "3"]
[White "Olsarova, Tereza"]
[Black "Uhlmann, Wolfgang"]
[Result "1-0"]
[WhiteTitle "WIM"]
[BlackTitle "GM"]
[WhiteElo "2185"]
[BlackElo "2412"]
[WhiteTeam "Snowdrops"]
[BlackTeam "Veterans"]
[WhiteFideId "325449"]
[BlackFideId "4611284"]
[EventDate "2010.11.20"]

1. e4 e6 2. Nf3 d5 3. e5 c5 4. b4 c4 5. d3 Bxb4+ 6. c3 Be7 7. dxc4 Nc6 8. Bf4
Bc5 9. Nbd2 Nge7 10. Bd3 Ng6 11. Bg3 f5 12. exf6 Qxf6 13. O-O O-O 14. Qc2 Nce7
15. Nb3 Bb6 16. c5 Bd8 17. Rae1 Nf5 18. Be5 Nxe5 19. Nxe5 g6 20. Nd4 Bc7 21. f4
Qe7 22. Bxf5 gxf5 23. Rf3 Qxc5 24. Qf2 Qe7 25. Rg3+ Kh8 26. Rg5 Bxe5 27. Rxe5
Qf6 28. Qh4 Bd7 29. Re3 Rf7 30. Reg3 e5 31. Nf3 Qb6+ 32. Kh1 e4 33. Rg6 Qxg6 34.
Rxg6 exf3 35. gxf3 Bc6 36. Rg2 Re8 37. Qf2 Rg7 38. Rxg7 Kxg7 39. Qxa7 Re2 40.
Qd4+ Kg6 41. h4 Re6 42. Qh8 h6 43. Qg8+ Kf6 44. Qf8+ 1-0

[Event "Czech Coal Match"]
[Site "Marianske Lazne CZE"]
[Date "2010.11.22"]
[Round "3"]
[White "Koneru, Humpy"]
[Black "Portisch, Lajos"]
[Result "1-0"]
[WhiteTitle "GM"]
[BlackTitle "GM"]
[WhiteElo "2600"]
[BlackElo "2544"]
[WhiteTeam "Snowdrops"]
[BlackTeam "Veterans"]
[WhiteFideId "5008123"]
[BlackFideId "700037"]
[EventDate "2010.11.20"]

1. d4 Nf6 2. c4 e6 3. Nf3 d5 4. g3 dxc4 5. Bg2 Nbd7 6. O-O Rb8 7. a4 a5 8. Nbd2
Nb6 9. Qc2 Nfd5 10. Nxc4 Nb4 11. Qb3 Nxc4 12. Qxc4 c6 13. Bf4 Ra8 14. Rfd1 Be7
15. Ne5 O-O 16. Qb3 Bd7 17. Rac1 Be8 18. e4 Rc8 19. Bh3 Ra8 20. Bg4 Kh8 21. Bh3
Bd6 22. Bd2 Qe7 23. Nc4 Bc7 24. Ne3 Bd6 25. Bc3 Ra6 26. d5 cxd5 27. exd5 Bd7 28.
Re1 e5 29. Bf1 Raa8 30. Nc4 f6 31. Bd4 Rfc8 32. Rcd1 Bf5 33. Rd2 Bc5 34. Bc3 Bd7
35. Qd1 Qe8 36. b3 b5 37. axb5 Bxb5 38. d6 Rd8 39. Nxe5 Bxf1 40. Nc4 Qb5 41.
Rxf1 a4 42. Re1 Nc6 43. Re4 axb3 44. Rh4 Rf8 45. Qh5 h6 46. Qg6 Ne5 47. Nxe5
fxe5 48. Rxh6+ Kg8 49. Qh7+ Kf7 50. Bxe5 Ke8 51. Qxg7 Qd7 52. Qg6+ Kd8 53. Bf6+ 1-0

[Event "Czech Coal Match"]
[Site "Marianske Lazne CZE"]
[Date "2010.11.23"]
[Round "4"]
[White "Uhlmann, Wolfgang"]
[Black "Cmilyte, Viktorija"]
[Result "0-1"]
[WhiteTitle "GM"]
[BlackTitle "GM"]
[WhiteElo "2412"]
[BlackElo "2514"]
[WhiteTeam "Veterans"]
[BlackTeam "Snowdrops"]
[WhiteFideId "4611284"]
[BlackFideId "12801259"]
[EventDate "2010.11.20"]

1. c4 Nf6 2. Nc3 d5 3. cxd5 Nxd5 4. g3 g6 5. Bg2 Nxc3 6. bxc3 Bg7 7. Rb1 Nc6 8.
c4 O-O 9. d3 Qd7 10. h4 h6 11. Nf3 b6 12. Bf4 Bb7 13. Qd2 h5 14. O-O Rad8 15.
Bh6 e5 16. Bxg7 Kxg7 17. Rb5 f6 18. Qb2 Rfe8 19. Re1 Qc8 20. Rd5 Nd4 21. Rxd8
Qxd8 22. Nd2 Bxg2 23. Kxg2 c5 24. Ne4 Qd7 25. Nc3 Qg4 26. f3 Qf5 27. Nd5 g5 28.
Ne3 Qg6 29. hxg5 Qxg5 30. Kf2 f5 31. Rg1 Kh7 32. Nd5 f4 33. Qa3 a5 34. Qa4 Rg8
35. Qd7+ Rg7 36. Qh3 fxg3+ 37. Rxg3 Qxg3+ 38. Qxg3 Rxg3 39. Kxg3 Nxe2+ 40. Kh4
Kh6 41. Nxb6 Nc1 42. Nd7 Nxd3 43. Nf6 Nb2 44. Nd7 Nxc4 45. Nxc5 Nd2 46. Kg3 Kg5
47. Ne6+ Kf6 48. Nc5 Kf5 49. Nd3 Nxf3 50. Nc5 e4 51. Nb7 h4+ 52. Kf2 Kf4 53. Nc5
h3 54. a4 e3+ 55. Kf1 Nd2+ 56. Kg1 Kg3 57. Nd3 Ne4 0-1

[Event "Czech Coal Match"]
[Site "Marianske Lazne CZE"]
[Date "2010.11.24"]
[Round "5"]
[White "Hort, Vlastimil"]
[Black "Caoili, Arianne"]
[Result "1-0"]
[WhiteTitle "GM"]
[BlackTitle "WIM"]
[WhiteElo "2473"]
[BlackElo "2242"]
[WhiteTeam "Veterans"]
[BlackTeam "Snowdrops"]
[WhiteFideId "4600029"]
[BlackFideId "5201179"]
[EventDate "2010.11.20"]

1. e4 e5 2. Nf3 Nc6 3. Nc3 Nf6 4. Bb5 Bb4 5. O-O O-O 6. d3 Bxc3 7. bxc3 d6 8.
Re1 a6 9. Bxc6 bxc6 10. d4 Nd7 11. Rb1 a5 12. c4 f6 13. c5 dxc5 14. dxe5 fxe5
15. Qd3 Qe7 16. Qc3 Kh8 17. Bb2 Re8 18. Ba1 a4 19. a3 Ba6 20. Rbd1 Bb5 21. h3 h6
22. Rd2 Kh7 23. Red1 Rad8 24. Nxe5 Nxe5 25. Rxd8 Rxd8 26. Rxd8 Qxd8 27. Qxe5
Qd1+ 28. Kh2 Qd6 29. f4 Qxe5 30. Bxe5 Be2 31. Kg3 Bd1 32. c3 g6 33. f5 h5 34.
Kf4 Bc2 35. g4 hxg4 36. hxg4 Bb1 37. Bf6 Bc2 38. e5 Kg8 39. e6 Kf8 40. Bg5 Bb3
41. Ke5 Bd1 42. f6 Bxg4 43. Bh6+ 1-0

[Event "Czech Coal Match"]
[Site "Marianske Lazne CZE"]
[Date "2010.11.24"]
[Round "5"]
[White "Uhlmann, Wolfgang"]
[Black "Koneru, Humpy"]
[Result "0-1"]
[WhiteTitle "GM"]
[BlackTitle "GM"]
[WhiteElo "2412"]
[BlackElo "2600"]
[WhiteTeam "Veterans"]
[BlackTeam "Snowdrops"]
[WhiteFideId "4611284"]
[BlackFideId "5008123"]
[EventDate "2010.11.20"]

1. c4 e6 2. Nc3 d5 3. d4 Bb4 4. Nf3 Nf6 5. cxd5 exd5 6. Bg5 h6 7. Bxf6 Qxf6 8.
Qa4+ Nc6 9. e3 O-O 10. Be2 Be6 11. O-O a6 12. Rac1 Bd6 13. Rfd1 Rfe8 14. a3 Ne7
15. Qb3 Red8 16. Na4 b6 17. Nc3 g5 18. g3 Qg7 19. Re1 Ng6 20. Qc2 f5 21. Bd3 Rf8
22. Kh1 c5 23. dxc5 bxc5 24. Bf1 g4 25. Nd2 h5 26. Bg2 Qf7 27. Rcd1 Rad8 28. b4
cxb4 29. axb4 Bxb4 30. Ne2 h4 31. Nd4 h3 32. Bf1 a5 33. Qa2 Ne5 34. Rc1 Rc8 35.
Red1 Qf6 36. N2b3 Bf7 37. Bb5 Kh8 38. Qa4 Nc4 39. Qa1 Rc7 40. Nc6 Qxa1 41. Rxa1
Nd6 42. Nxb4 axb4 43. Bd3 Rb8 44. Rab1 Kg7 45. Nd4 Kf6 46. Kg1 Be8 47. Rd2 Bb5
48. Nxb5 Nxb5 49. Rxb4 Nd4 0-1

[Event "Czech Coal Match"]
[Site "Marianske Lazne CZE"]
[Date "2010.11.25"]
[Round "6"]
[White "Cmilyte, Viktorija"]
[Black "Portisch, Lajos"]
[Result "1-0"]
[WhiteTitle "GM"]
[BlackTitle "GM"]
[WhiteElo "2514"]
[BlackElo "2544"]
[WhiteTeam "Snowdrops"]
[BlackTeam "Veterans"]
[WhiteFideId "12801259"]
[BlackFideId "700037"]
[EventDate "2010.11.20"]

1. d4 Nf6 2. c4 e6 3. Nf3 d5 4. Nc3 Nbd7 5. Bf4 dxc4 6. e3 a6 7. a4 Nb6 8. a5
Nbd5 9. Bxc4 Nxf4 10. exf4 Bd6 11. Ne5 O-O 12. O-O c6 13. g3 Bc7 14. b4 Bd6 15.
Qb3 Nd5 16. Nd3 Rb8 17. Ne4 Be7 18. Nec5 Qc7 19. Rfe1 Bf6 20. Ne5 Rd8 21. Re2
Be7 22. Rc2 Bf8 23. Re1 Qd6 24. Bd3 g6 25. h4 Bg7 26. h5 Ne7 27. Bc4 Nd5 28.
Rce2 Qc7 29. Qf3 b6 30. Ne4 bxa5 31. bxa5 Rb4 32. Bd3 Rxd4 33. Ng5 Nxf4 34. gxf4
Bxe5 35. fxe5 Qe7 36. Ne4 Rxd3 37. Nf6+ Kg7 38. Re3 Rxe3 39. Rxe3 c5 40. h6+ Kh8
41. Rb3 c4 42. Rb8 c3 43. Qxc3 Bb7 44. Qc5 1-0

[Event "Czech Coal Match"]
[Site "Marianske Lazne CZE"]
[Date "2010.11.25"]
[Round "6"]
[White "Koneru, Humpy"]
[Black "Hort, Vlastimil"]
[Result "0-1"]
[WhiteTitle "GM"]
[BlackTitle "GM"]
[WhiteElo "2600"]
[BlackElo "2473"]
[WhiteTeam "Snowdrops"]
[BlackTeam "Veterans"]
[WhiteFideId "5008123"]
[BlackFideId "4600029"]
[EventDate "2010.11.20"]

1. d4 f5 2. c4 Nf6 3. Nc3 g6 4. h4 d6 5. Bg5 Bg7 6. Nh3 c6 7. Qc2 Na6 8. e3 Qa5
9. f3 h6 10. Bxf6 Bxf6 11. Nf2 e5 12. O-O-O Bd7 13. d5 O-O-O 14. a3 Nc7 15. e4
cxd5 16. exd5 h5 17. Kb1 Na6 18. Qd2 Qb6 19. Nd3 Rhe8 20. Nc1 Nc5 21. Ka2 e4 22.
Be2 Ba4 23. b4 Bxd1 24. Rxd1 Nd3 25. Nxd3 exd3 26. Bxd3 Qe3 27. Qc2 Kb8 28. a4
Bxh4 29. a5 Bf6 30. a6 bxa6 31. Na4 Ka8 32. c5 dxc5 33. Bxa6 Rb8 34. bxc5 Rb4
35. c6 Qe5 36. Ka3 Be7 37. Ka2 Bf6 38. Bb7+ Kb8 39. Nc5 Rb2+ 40. Ka3 Qd6 41. Qc4
Ree2 42. Ka4 Ra2+ 43. Kb5 Reb2+ 44. Nb3 Qc7 45. Kc5 Rc2 46. d6 Qb6+ 0-1

[Event "Czech Coal Match"]
[Site "Marianske Lazne CZE"]
[Date "2010.11.25"]
[Round "6"]
[White "Caoili, Arianne"]
[Black "Uhlmann, Wolfgang"]
[Result "1-0"]
[WhiteTitle "WIM"]
[BlackTitle "GM"]
[WhiteElo "2242"]
[BlackElo "2412"]
[WhiteTeam "Snowdrops"]
[BlackTeam "Veterans"]
[WhiteFideId "5201179"]
[BlackFideId "4611284"]
[EventDate "2010.11.20"]

1. e4 e6 2. d4 d5 3. Nc3 Bb4 4. a3 Bxc3+ 5. bxc3 dxe4 6. Qg4 Nf6 7. Qxg7 Rg8 8.
Qh6 Rg6 9. Qe3 Nbd7 10. Ne2 Nb6 11. Ng3 Qd5 12. Be2 Qc6 13. Rb1 Nbd5 14. Bb5
Qxb5 15. Rxb5 Nxe3 16. Bxe3 b6 17. c4 Ba6 18. Rb4 Bb7 19. h3 O-O-O 20. c3 h5 21.
h4 Ng4 22. Ke2 Rh8 23. Rb5 f5 24. Bg5 a5 25. f3 exf3+ 26. gxf3 Nf6 27. Rbb1 Nh7
28. Bf4 Rhg8 29. Rhg1 Ba6 30. Kf2 Nf6 31. Be5 Bxc4 32. Bxf6 Rxf6 33. Nxh5 Rxg1
34. Rxg1 Rh6 35. Rg5 Kd7 36. Kg3 Kc6 37. Nf4 Kb5 38. Rg7 c5 39. Rg6 Rh7 40. Nxe6 1-0

[Event "Czech Coal Match"]
[Site "Marianske Lazne CZE"]
[Date "2010.11.26"]
[Round "7"]
[White "Portisch, Lajos"]
[Black "Koneru, Humpy"]
[Result "0-1"]
[WhiteTitle "GM"]
[BlackTitle "GM"]
[WhiteElo "2544"]
[BlackElo "2600"]
[WhiteTeam "Veterans"]
[BlackTeam "Snowdrops"]
[WhiteFideId "700037"]
[BlackFideId "5008123"]
[EventDate "2010.11.20"]

1. d4 d5 2. c4 e6 3. Nf3 Nf6 4. Nc3 Bb4 5. cxd5 exd5 6. Bg5 Nbd7 7. Qa4 Bxc3+ 8.
bxc3 O-O 9. Nd2 h6 10. Bh4 c5 11. e3 Nb6 12. Qa3 c4 13. Be2 Bf5 14. O-O Re8 15.
Rfe1 Nbd7 16. Bd1 Bd3 17. Be2 Bg6 18. Bd1 Re6 19. Bg4 Ra6 20. Qc1 Qa5 21. Bh3
Qa3 22. f3 Bd3 23. Qxa3 Rxa3 24. Nb1 Ra6 25. Bg3 Nb6 26. a3 Na4 27. Be5 Rb6 28.
Bxf6 gxf6 29. Bd7 Nb2 30. e4 Rd8 31. Bh3 Na4 32. Kf2 Rb3 33. Ke3 b5 34. Rc1 a5
35. Bf5 Bxb1 36. Raxb1 Rxb1 37. Rxb1 Nxc3 0-1

[Event "Czech Coal Match"]
[Site "Marianske Lazne CZE"]
[Date "2010.11.26"]
[Round "7"]
[White "Hort, Vlastimil"]
[Black "Cmilyte, Viktorija"]
[Result "0-1"]
[WhiteTitle "GM"]
[BlackTitle "GM"]
[WhiteElo "2473"]
[BlackElo "2514"]
[WhiteTeam "Veterans"]
[BlackTeam "Snowdrops"]
[WhiteFideId "4600029"]
[BlackFideId "12801259"]
[EventDate "2010.11.20"]

1. e4 c5 2. g3 d5 3. exd5 Qxd5 4. Nf3 Nc6 5. Nc3 Qd8 6. Bg2 Nf6 7. O-O e6 8. Re1
Be7 9. b3 O-O 10. Bb2 Rb8 11. a4 b6 12. Nb5 Bb7 13. Na3 a6 14. Nc4 Qc7 15. Qe2
h6 16. Rad1 Rbd8 17. d4 cxd4 18. Nxd4 Nxd4 19. Bxd4 Bxg2 20. Kxg2 b5 21. axb5
axb5 22. Ne3 Qc6+ 23. f3 Rd7 24. c4 bxc4 25. bxc4 Rfd8 26. Bc3 Bc5 27. Bxf6 gxf6
28. Rxd7 Rxd7 29. Rd1 f5 30. Rd3 Rxd3 31. Qxd3 Bxe3 32. Qxe3 Qxc4 33. Qxh6 Qe2+
34. Kg1 Qxf3 35. Qg5+ Kh7 36. Qf6 Qd1+ 37. Kf2 Qh5 38. h4 Qg6 39. Qd4 Qg7 40.
Qf4 Qb2+ 41. Kg1 Qb1+ 42. Kh2 Qc2+ 43. Kg1 Qd1+ 44. Kf2 Qg4 45. Qd6 Qg7 46. Qd2
Qf6 47. Kg2 e5 48. Qe3 Qc6+ 49. Kg1 Qe6 50. Qe2 Kg6 51. Qd2 f6 52. Kh2 e4 53.
Qe3 Qc4 54. Kg1 Qc2 55. Kf1 Kh5 56. Ke1 Qg2 57. Qf4 Qg1+ 58. Ke2 Qc5 59. Qb8
Qc2+ 60. Ke3 Qd3+ 61. Kf2 Qf3+ 62. Kg1 Kg4 63. h5 Kh3 64. Qb2 Qxg3+ 65. Kf1 Qf3+
66. Kg1 Qd1+ 67. Kf2 f4 68. Qe2 Qxe2+ 69. Kxe2 Kg2 70. h6 f3+ 71. Ke3 f2 72. h7
f1=Q 73. h8=Q Qd3+ 0-1

[Event "Czech Coal Match"]
[Site "Marianske Lazne CZE"]
[Date "2010.11.27"]
[Round "8"]
[White "Olsarova, Tereza"]
[Black "Hort, Vlastimil"]
[Result "0-1"]
[WhiteTitle "WIM"]
[BlackTitle "GM"]
[WhiteElo "2185"]
[BlackElo "2473"]
[WhiteTeam "Snowdrops"]
[BlackTeam "Veterans"]
[WhiteFideId "325449"]
[BlackFideId "4600029"]
[EventDate "2010.11.20"]

1. e4 e5 2. Nf3 Nc6 3. Bb5 a6 4. Ba4 Nf6 5. d4 exd4 6. O-O Be7 7. Re1 d6 8. Nxd4
Bd7 9. Bxc6 bxc6 10. Qf3 O-O 11. Nc3 c5 12. Nf5 Bxf5 13. Qxf5 Nd7 14. Nd5 Re8
15. b3 Bf6 16. Nxf6+ Qxf6 17. Qxf6 Nxf6 18. f3 Nd7 19. Bb2 f6 20. Kf2 Kf7 21.
Bc3 Rab8 22. Rad1 Re7 23. Re2 Rbe8 24. Ree1 Nb8 25. Rb1 Nc6 26. Rbd1 Rb8 27. Re2
Rb5 28. f4 c4 29. a4 Rh5 30. bxc4 Rc5 31. Ke3 Rxc4 32. Kd3 Rxa4 33. Ree1 Nb4+
34. Bxb4 Rxb4 35. Rb1 Rexe4 36. c3 Rxb1 37. Rxb1 Rxf4 38. Rb7 Rg4 39. Rxc7+ Ke6
40. g3 a5 41. Ra7 Rg5 42. Kd4 h5 0-1

[Event "Czech Coal Match"]
[Site "Marianske Lazne CZE"]
[Date "2010.11.27"]
[Round "8"]
[White "Cmilyte, Viktorija"]
[Black "Uhlmann, Wolfgang"]
[Result "1/2-1/2"]
[WhiteTitle "GM"]
[BlackTitle "GM"]
[WhiteElo "2514"]
[BlackElo "2412"]
[WhiteTeam "Snowdrops"]
[BlackTeam "Veterans"]
[WhiteFideId "12801259"]
[BlackFideId "4611284"]
[EventDate "2010.11.20"]

1. d4 Nf6 2. c4 g6 3. Nf3 Bg7 4. g3 c6 5. Qa4 O-O 6. Bg2 d5 7. O-O dxc4 8. Qxc4
Be6 9. Qc2 Bf5 10. Qd1 Qc8 11. Nc3 Ne4 12. Bf4 Nxc3 13. bxc3 Be4 14. Qc1 Nd7 15.
Qe3 Bxf3 16. Bxf3 e5 17. Bh6 exd4 18. cxd4 Re8 19. Qf4 Bxh6 20. Qxh6 Nf6 21.
Rab1 Qd7 22. Rfc1 Re7 23. e3 Ne4 24. Bxe4 Rxe4 25. Qg5 b6 26. Qf6 Rc8 27. Rc2
Re6 28. Qf3 Kg7 29. Rbc1 Rf6 30. Qg2 Rd6 31. Qf3 h5 32. h4 Rf6 33. Qe2 Re8 34.
Rd2 Qd5 35. Qc4 Qf3 36. Qe2 Qd5 37. Qc4 Qf3 38. Qe2 1/2-1/2